| 000 | 01045cam a22003253a 4500 | ||
|---|---|---|---|
| 001 | 16409848 | ||
| 003 | OSt | ||
| 005 | 20140310184454.0 | ||
| 008 | 941101s1994 nyua j 000 1 eng d | ||
| 010 | _a 97817345 | ||
| 020 | _a0590481134 | ||
| 035 | _a(OCoLC)ocm31387170 | ||
| 040 |
_aEOW _cEOW _dSLC _dOCL _dDLC |
||
| 050 | 0 | 0 |
_aPZ 7 _b.D121s11 1994 |
| 100 | 1 |
_aDadey, Debbie. _94137 |
|
| 245 | 1 | 0 |
_aSkeletons don't play tubas / _cDebbie Dadey and Marcia Thornton Jones ; illustrated by John Steven Gurney. |
| 260 |
_aNew York : _bScholastic, _c1994. |
||
| 300 |
_a73 p. : _bill. ; _c19 cm. |
||
| 490 | 1 | _aThe adventures of the Bailey School kids | |
| 521 | _aG4 | ||
| 526 | _c610 | ||
| 650 |
_aFiction _xJuvenile _930395 |
||
| 655 | 7 |
_aYoung adult fiction. _2lcsh _93735 |
|
| 700 | 1 |
_aJones, Marcia _q(Marcia Thornton) _928222 |
|
| 710 | 2 |
_aCopyright Paperback Collection (Library of Congress) _5DLC _9705 |
|
| 906 |
_a7 _bcbc _ccopycat _d2 _encip _f19 _gy-genrareb |
||
| 942 |
_2lcc _cBK-SCHOLAS |
||
| 999 |
_c34627 _d34627 |
||